[Event "Stockholm"]
[Site "Stockholm"]
[Date "2002.08.03"]
[Round "1"]
[White "Ernst, Thomas"]
[Black "Hermansson, Emil"]
[Result "0-1"]
[WhiteElo "2462"]
[BlackElo "2423"]
[Annotator "Lutz,C"]
[PlyCount "130"]
[EventDate "2002.08.03"]
[EventType "tourn"]
[EventRounds "9"]
[EventCountry "SWE"]
[EventCategory "8"]
[SourceTitle "CBM 091"]
[Source "ChessBase"]
[SourceDate "2002.11.12"]
[SourceVersion "1"]
[SourceVersionDate "2002.11.12"]
[SourceQuality "1"]

1. d4 {Lalic,B. Shirov,A} d5 2. c4 c6 3. Nf3 Nf6 4. Nc3 e6 5. Bg5 dxc4 6. e4 b5
7. e5 h6 8. Bh4 g5 9. Nxg5 hxg5 10. Bxg5 Nbd7 11. g3 Bb7 12. Bg2 Qb6 13. exf6
O-O-O 14. O-O c5 15. d5 b4 16. Na4 Qb5 17. a3 exd5 18. axb4 cxb4 19. Be3 Nc5
20. Qg4+ Rd7 21. Qg7 $5 {Ein spektakuläres Damenopfer, mit dem Ivanchuk 1996
gegen Shirov gewinnen konnte. Eine spätere Partie aus dem Informator zeigte
allerdings, dass die Angelegenheit bei weitem nicht so klar ist.} Bxg7 22. fxg7
Rg8 23. Nxc5 Rxg7 $1 (23... d4 24. Bxb7+ Rxb7 25. Nxb7 Qb6 $8 26. Bxd4 $3 Qxd4
27. Rfd1 Qxb2 28. Nd6+ Kb8 29. Rdb1 Qxg7 30. Rxb4+ Kc7 31. Ra6 $1 $18 Rb8 32.
Rxa7+ Kxd6 33. Rxb8 Qg4 34. Rd8+ Kc6 35. Ra1 {1-0 Ivanchuk,V-Shirov,A/Wijk
1996/Inf 65/[Shirov,A] (35)}) (23... Bc6 {Shirov,A} 24. Ra6 $18 {/\ Rfa1}) (
23... f5 {Shirov,A} 24. Rxa7 $1 (24. Nxd7 $6 Qxd7 25. Bd4 Rxg7 $14) 24... Rgxg7
(24... Rdxg7 25. Rfa1 $18) 25. Rfa1 $18) (23... Rc7 {Shirov,A} 24. Nxb7 Rxb7
25. Rfd1 Rd7 26. Bd4 $16 {/\ h4-h5-h6}) 24. Bh3 (24. Bd4 f5 25. Bh3 Rgf7 26.
Rxa7 Rc7 27. Ne6 Rce7 (27... Rc6 $2 {Lalic,B} 28. Ng5 Rf8 29. Rfa1 $16 Ra6 $2
30. R1xa6 Bxa6 31. Ra8+ $18) 28. Ng5 Qe8 $1 29. Nxf7 Qxf7 $15 30. Rfa1 Qh5 31.
Bg2 f4 32. R7a5 f3 33. Bf1 Rh7 $2 (33... Re4 $1 {Lalic,B}) 34. h4 Qf5 35. Be3
$1 $16 (35. Kh2 $2 {Lalic,B} Rxh4+ $1 36. gxh4 Qf4+ $17) (35. Rc5+ {Lalic,B}
Rc7 36. Kh2 Qe4 $1 (36... Rxc5 $2 37. Bh3 $16 {_|_}) 37. Bh3+ Kb8 $17) (35. Re1
{Lalic,B} Rxh4 $5) 35... Qc2 $2 $138 36. Bf4 Rf7 37. Bh3+ Kd8 38. Bd6 Rf5 39.
Ra7 Bc8 $2 (39... Kd7 $142 {Lalic,B}) 40. Rg7 $18 Qxb2 41. Raa7 Qb1+ 42. Kh2
Rf8 43. Bxf8 Bxh3 44. Bc5 Be6 45. Ra8+ Bc8 46. Bb6+ {1-0 Lalic,B-Wilson,J/
London 1996/Inf 66/[Lalic,B] (46)}) (24. Rxa7 {Lalic,B} d4 $5 (24... Rc7) 25.
Bxb7+ $140 Rxb7 26. Nxb7 Qb6 $1 $17) 24... f5 $1 {Das ist die Pointe. Schwarz
deckt zunächt einnal den Rd7. Ein anderer Umstand, der für Schwarz spricht,
ist die Möglichkeit ...d5-d4 nebst Mattangriff auf der langen Diagonale.} (
24... Bc6 {Shirov,A} 25. Rxa7 $18) 25. Bxf5 Rgf7 (25... d4 $5 {Lalic,B} 26.
Bxd4 Rgf7 $13) 26. Bh3 (26. Bxd7+ Rxd7 27. Nxd7 d4 $1 28. Bxd4 (28. Bf4 Kxd7
29. Rxa7 c3) 28... Qd5 29. f3 Qxd4+ $19) 26... Rh7 27. Be6 Rhe7 28. Rxa7 Rxe6
29. Nxe6 d4 30. Nxd4 Qd5 31. Rxb7 Rxb7 32. Ra1 c3 33. bxc3 b3 34. Nxb3 Rxb3 $19
{Schwarz muss hier noch einige technische Schwierigkeiten überwinden, aber
sein Sieg steht ausser Frage.} 35. Bd4 Qe4 36. h4 Rb5 37. Kh2 Kd7 38. Kh3 Ke6
39. Ra6+ Kd5 40. Rf6 Rb1 41. Rf4 Qe6+ 42. Kg2 Qe1 43. Kh3 Qe2 44. Rf5+ Kc4 45.
Rc5+ Kd3 46. Re5 Qf1+ 47. Kg4 Rb8 48. h5 Rg8+ 49. Rg5 Qe2+ 50. Kh4 Qe7 51. f4
Rxg5 52. fxg5 Ke4 53. Bf6 Qf7 54. h6 Kf5 55. g4+ Kg6 56. Kg3 Qc4 57. Kf3 Qe6
58. Kf4 Qe2 59. Bg7 Qd2+ 60. Ke4 Qxg5 61. Kd4 Qxg4+ 62. Kd5 Kf5 63. Kd6 Qc4 64.
Kd7 Qe6+ 65. Kd8 Qf7 0-1

[Event "Stockholm"]
[Site "Stockholm"]
[Date "2002.08.06"]
[Round "4"]
[White "Rytshagov, Mikhail"]
[Black "Hermansson, Emil"]
[Result "1-0"]
[WhiteElo "2503"]
[BlackElo "2423"]
[Annotator "Lutz,C"]
[PlyCount "71"]
[EventDate "2002.08.03"]
[EventType "tourn"]
[EventRounds "9"]
[EventCountry "SWE"]
[EventCategory "8"]
[SourceTitle "CBM 091"]
[Source "ChessBase"]
[SourceDate "2002.11.12"]
[SourceVersion "1"]
[SourceVersionDate "2002.11.12"]
[SourceQuality "1"]

1. d4 c6 2. c4 d5 3. Nc3 Nf6 4. Nf3 e6 5. Bg5 h6 6. Bh4 dxc4 7. e4 b5 8. e5 g5
9. Nxg5 hxg5 10. Bxg5 Nbd7 11. exf6 Bb7 12. g3 c5 13. d5 Qb6 14. Bg2 O-O-O 15.
O-O b4 16. Rb1 Qa6 17. dxe6 Bxg2 18. e7 Bxf1 19. Kxf1 Qc6 20. exd8=Q+ Kxd8 21.
Nd5 Rxh2 22. Kg1 Rh8 23. Bf4 {Diese Stellung stand bereits in zwei Partien von
Shirov zur Debatte. Auch Shirov konnte diese Stellung nicht als spielbar für
Schwarz nachweisen.} Kc8 $146 (23... Qe6 24. Qf3 Qh3 25. Rd1 b3 26. a4 Qh2+ 27.
Kf1 Qh1+ 28. Ke2 Qxf3+ 29. Kxf3 Kc8 30. g4 $16 Rh3+ 31. Ke4 c3 32. bxc3 c4 33.
Ne7+ Kd8 34. Nc6+ Ke8 35. Bg3 Nc5+ 36. Kd5 Nd3 37. Rb1 Kd7 38. Nb8+ Kc8 39.
Kxc4 Nc5 40. Nc6 Ne4 41. Ne7+ Kd7 42. Rd1+ Ke8 43. Nd5 Bd6 44. Re1 {1-0
Nikolic,P-Shirov,A/Linares 1997/CBM 57/[ChessBase] (44)}) (23... Bd6 24. Bxd6
Qxd6 25. Qf3 Ne5 26. Qe4 Re8 27. Ne3 Nc6 28. Qf3 Kc7 29. Nxc4 Qd4 30. b3 Qe4
31. Qxe4 Rxe4 32. Kg2 Ne5 33. Ne3 Kd7 34. Rh1 Ke6 35. Rh8 Kxf6 36. Rc8 Nd3 37.
Ra8 Rd4 38. Rxa7 $16 {Kramnik,V-Shirov,A/Monaco blind 1996/1/2-1/2 (59)}) 24.
Qf3 Kb7 25. Rd1 Nb6 26. Qg2 Bh6 27. Nxb6 Qxg2+ 28. Kxg2 Kxb6 29. Be5 $1 $16 {
Das ist das Problem. Weiß wird mit f2-f4 den Bh6 vom Spiel ausschließen.
Anschließend rücken der g-Bauer vor. Am Damenflügel kann Schwarz kein
entsprechendes Gegenspiel aufziehen, da der Be5 die c-Bauern aufhält.} Re8 30.
f4 c3 31. bxc3 Rxe5 $5 {Schwarz versucht sich taktisch gegen sein Schicksal zu
stemmen, aber er hat keine Chance.} (31... bxc3 32. Bxc3 Re2+ 33. Kf3 Rxa2 34.
Be5 {/\ Rd7}) 32. fxe5 bxc3 33. e6 fxe6 (33... c2 34. Rh1 c1=Q 35. Rxc1 Bxc1
36. e7) 34. f7 Kb5 (34... c2 35. Rh1 Bg7 (35... Kb5 36. Rxh6 c1=Q 37. f8=Q $18)
36. Rc1) 35. Rh1 Bg7 36. Rh7 (36. Rh7 c2 37. Rxg7 c1=Q 38. f8=Q $18) 1-0

[Event "CUB-ch"]
[Site "Holguin"]
[Date "2002.04.17"]
[Round "15"]
[White "Almeida Quintana, Omar"]
[Black "Dominguez Perez, Leinier"]
[Result "0-1"]
[WhiteElo "2473"]
[BlackElo "2594"]
[Annotator "Lutz,C"]
[PlyCount "106"]
[EventDate "2002.03.31"]
[EventType "tourn"]
[EventRounds "17"]
[EventCountry "CUB"]
[EventCategory "9"]
[SourceTitle "CBM 089"]
[Source "ChessBase"]
[SourceDate "2002.08.12"]
[SourceVersion "1"]
[SourceVersionDate "2002.08.12"]
[SourceQuality "1"]

1. d4 d5 2. c4 c6 3. Nf3 Nf6 4. Nc3 e6 5. Bg5 dxc4 6. e4 b5 7. e5 h6 8. Bh4 g5
9. Nxg5 hxg5 10. Bxg5 Nbd7 11. exf6 Bb7 12. g3 Qc7 $5 {Dieser seltene Zug
wurde zuerst von einem anderen Kubaner, GM Reynaldo Vera, gespielt.} (12... Qb6
) 13. Bg2 c5 14. d5 {Die Hauptfortsetzung, aber zwei andere Züge verdienen
auch Beachtung.} (14. Bf4 $5 e5 15. Nd5 Bxd5 16. Bxd5 O-O-O 17. dxe5 Nxe5 18.
O-O Bd6 19. a4 Nd3 20. Bxd6 Rxd6 21. Qg4+ Qd7 22. Qxd7+ Kxd7 23. Bxf7 Ne5 24.
axb5 Nxf7 25. Rfe1 Rxf6 26. Rxa7+ Kd8 27. b6 {1-0 Vilela,J-Vera,R/La Habana
1984/Inf 37 (27)}) (14. O-O $5 Bxg2 (14... b4 $6 15. Bf4 $1 e5 16. Nd5 Bxd5 17.
Bxd5 O-O-O 18. dxe5 Nxe5 19. Bxe5 Qxe5 20. Qg4+ $16 {Ruban,V}) 15. Kxg2 Qb7+
16. f3 O-O-O 17. dxc5 Nxc5 18. Qe2 Nd3 19. Ne4 $14 {1/2-1/2 Ruban,V-Savcenko,S/
Tbilisi 1989/Inf 47/[Ruban,V] (42)}) 14... b4 $1 $146 {Es ist erstaunlich,
aber dieser Zug wurde bislang noch nicht gespielt. Bislang wurde 14...Qe5+ der
Vorzug gegeben, danach scheint aber Weiß Vorteil zu haben.} (14... Qe5+ 15. Qe2
O-O-O 16. dxe6 Qxe2+ 17. Kxe2 Bxg2 18. e7 $1 (18. exd7+ $6 Rxd7 19. Rhd1 b4 20.
Rxd7 Kxd7 21. Nd1 Be4 $1 22. h4 $6 (22. a3 $142 Rxh2 23. axb4 cxb4 24. Rxa7+
Ke6 $13 {Savchenko,S}) 22... Bd6 23. Rc1 Bd3+ 24. Kd2 Be5 $1 25. b3 Kc6 $1 $17
{0-1 Legky,N-Savchenko,S/USSR 1987/Inf 44 (40)}) 18... Bxe7 19. fxe7 Rdg8 20.
Bf4 (20. h4 $5 {Ivanov,Se}) 20... a6 (20... Bxh1 21. Nxb5 Rxh2 22. Nd6+ Kc7 23.
Rd1 Kc6 24. e8=Q Rxe8+ 25. Nxe8 $14 {Ivanov,Se}) 21. Rhd1 Re8 22. Bd6 Rxh2 23.
a4 $1 b4 24. Nd5 $16 {Ivanov,S-Svirin,O/Russia 75/(399) 1999/Inf 75/[Ivanov,Se]
(24)}) 15. O-O $6 {Danach hat Weiß einfach eine Figur weniger.} (15. dxe6 Bxg2
16. exd7+ Qxd7 17. Qe2+ (17. Qxd7+ Kxd7 18. O-O-O+ (18. Rg1 Re8+ $17) 18... Kc6
19. Rhg1 Bf3 $19) 17... Qe6 18. Rg1 (18. Nb5 $2 Qxe2+ 19. Kxe2 Bxh1 20. Rxh1
Kd7 $19) 18... Bc6 (18... bxc3 19. Rxg2 cxb2 20. Rb1 c3 21. Qxe6+ fxe6 22. Kd1
$13) 19. Qxe6+ fxe6 20. Ne2 Rxh2) (15. Qe2 bxc3 16. dxe6 Ne5 $19) (15. Ne2 Nb6)
(15. Bf4 e5 16. d6 Qb8 17. Nd5 exf4 18. Nc7+ Kd8 $17) (15. Nb5 {sieht wie die
beste Fortsetzung aus, mit unklarem Spiel:} Qb6 $1 (15... Qe5+ $2 16. Kf1 Qxg5
(16... exd5 17. Bf4) 17. dxe6 O-O-O 18. exd7+ (18. e7 Bxe7 19. fxe7 Bxg2+ 20.
Kxg2 Qxe7 21. Qf3 Kb8 $13) 18... Rxd7 19. Bxb7+ Rxb7 20. Qf3 $1 Kb8 21. Qc6 Bh6
22. Re1 Qg4 23. Re7 Qc8 24. Qxc8+ Rxc8 25. Rxb7+ Kxb7 26. Nd6+ $18) 16. dxe6 (
16. a4 a6 17. dxe6 Qxe6+ $19) 16... Qxe6+ 17. Kf1 O-O-O 18. Nxa7+ Kb8 19. Qa4
Bxg2+ 20. Kxg2 Kb7 21. Nb5 Qc6+ 22. f3 Ra8 23. Qd1 Qxb5 24. Qd5+ Qc6 25. Qxf7
Bd6 $13 {und es ist schwer zu sagen, wer besser steht. Wenn dies die beste
Fortsetzung für Weiß ist, sollten die Alternativen im 14. Zug näher unter die
Lupe genommen werden.}) 15... bxc3 16. dxe6 fxe6 17. Qe2 Kf7 $17 {Weiß hat für
die Figur nicht genügend Kompensation.} 18. Rfe1 Re8 19. Bxb7 Qxb7 20. bxc3 Bd6
{/\ Ne5} 21. f4 Nxf6 22. Rad1 Qc6 23. Qxc4 Bc7 24. Rd2 Rd8 25. Rxd8 Bxd8 26. f5
Re8 27. Rd1 Be7 28. Re1 Qd5 29. fxe6+ Kg6 30. Qxd5 Nxd5 31. Bxe7 Nxe7 32. Rd1
Kf5 33. Rd7 Ke4 34. Rxa7 Kd3 35. a4 Kxc3 36. a5 Nd5 37. Rd7 Kd4 38. e7 c4 39.
Kf2 Kc5 40. h4 Nxe7 41. Rd1 c3 42. a6 Kc4 43. h5 c2 44. Rc1 Kd3 45. g4 Ra8 46.
Re1 Rf8+ 47. Kg3 Kd2 48. Ra1 Ra8 49. a7 c1=Q 50. Rxc1 Kxc1 51. Kh4 Rxa7 52. h6
Ra6 53. Kh5 Ng6 0-1

[Event "WchT 5th"]
[Site "Yerevan"]
[Date "2001.10.14"]
[Round "3.2"]
[White "Gyimesi, Zoltan"]
[Black "Vera Gonzalez Quevedo, Reynaldo"]
[Result "1-0"]
[WhiteElo "2605"]
[BlackElo "2557"]
[Annotator "Lutz,C"]
[PlyCount "97"]
[EventDate "2001.10.12"]
[EventType "team-tourn"]
[EventRounds "9"]
[EventCountry "ARM"]
[SourceTitle "CBM 086"]
[Source "ChessBase"]
[SourceDate "2002.02.05"]
[SourceVersion "1"]
[SourceVersionDate "2002.02.05"]
[SourceQuality "1"]
[WhiteTeam "Hungary"]
[BlackTeam "Cuba"]
[WhiteTeamCountry "HUN"]
[BlackTeamCountry "CUB"]

1. d4 d5 2. c4 e6 3. Nf3 Nf6 4. Nc3 c6 5. Bg5 dxc4 6. e4 b5 7. a4 $5 {Eine
weniger populäre, aber dennoch spielbare Alternative zu den theorielastigen
Hauptvarianten nach 7.e5. RR: Siehe dazu auch die spezielle Datenbank auf der
CD-Rom von CBM 78.} Bb7 {Dieser Zug genießt eindeutig den besten Ruf.} (7...
Qb6 $6 {und}) (7... Bb4 $6 {sind schwächer.}) 8. axb5 (8. e5 h6 9. Bh4 g5 {
ist nun aus schwarzer Sicht nicht zu fürchten.}) 8... cxb5 9. Nxb5 Bxe4 10.
Bxc4 (10. Qa4 Nc6 $1 (10... Nbd7 11. Ne5 $1 $16 {Pinter,J}) 11. Ne5 Bb4+ 12.
Nc3 Rc8 $1 13. f3 Bd5 14. Nxc6 Bxc3+ 15. bxc3 Bxc6 $5 16. Qa3 $1 h6 17. Bxf6
gxf6 $6 (17... Qxf6 $1 18. Be2 Bd5 $11 {Pinter,J}) 18. Bxc4 $14 {Dizdar,
G-Pinter,J/Osterreich 71/455 1997/Inf 71/[Pinter,J]}) 10... Bb4+ 11. Nc3 Nbd7 (
{Besser gefällt mir} 11... O-O 12. O-O Bb7 {, um dann eine Isolani-Stellung zu
erreichen.} (12... Bxc3 13. bxc3 Qc7 14. Bxf6 Qxc4 15. Nd2 Qc6 16. Nxe4 Qxe4
17. Re1 Qf5 18. Be7 Rc8 19. Re5 Qg6 20. Rg5 Qe4 21. Bf6 g6 22. Qa4 $36 {
1/2-1/2 Sokolov,I-Pinter,J/Lyon 1994/CBM 45 (37)}) 13. Qe2 (13. Ne5 a5 14. Rc1
Nc6 15. Bxf6 gxf6 16. Nxc6 Bxc6 17. d5 Bxc3 18. Rxc3 Bxd5 19. Rd3 Qc7 20. Bxd5
exd5 21. Rh3 f5 22. Qxd5 Qf4 23. Qd1 Ra6 24. Qh5 h6 25. Rf3 Qe5 26. Rxf5 Qxb2
27. Rxa5 Rxa5 28. Qxa5 Rc8 $14 {Ribli,Z-Chernin,A/Hungary 1996/EXT 2000 (31)})
13... Be7 14. Rfd1 Nbd7 15. d5 exd5 16. Nxd5 Bxd5 17. Bxd5 Nxd5 18. Rxd5 Bxg5
19. Nxg5 h6 20. Qd2 hxg5 21. Rxd7 Qf6 {1/2-1/2 Garcia Ilundain,D-Kramnik,V/
Pamplona 1992/CBM 33 (21)}) 12. O-O Bxc3 13. bxc3 $14 {Weiß steht etwas besser,
da er über einen Raumvorteil im Zentrum verfügt und der a-Bauer eher schwach
als stark ist.} O-O 14. Bd3 Qc7 15. c4 a5 (15... Rfc8 16. Bxf6 Nxf6 17. Bxe4
Nxe4 18. Qd3 Nf6 19. Ra4 Rd8 20. Qe3 Nd7 21. c5 h6 22. Rfa1 Nb8 23. Ne5 Nc6 24.
Nxc6 Qxc6 25. h3 Qc7 26. Ra6 Rd5 27. Qe4 Qd8 28. R1a4 g6 29. g3 Kg7 30. Rxa7
Rxa7 31. Rxa7 Rxd4 32. Qxe6 Qf6 33. Qb3 $16 {1/2-1/2 Ribli,Z-Inkiov,V/Dubai
1986/Inf 42 (76)}) 16. Re1 Bxd3 17. Qxd3 Rfb8 18. Ra3 Rb7 19. Rea1 Rba7 20. h3
h6 21. Bxf6 Nxf6 22. Ra4 Nd7 23. Qc3 Ra6 24. c5 {Wir haben einen Status Quo
erreicht: Schwarz ist an die verteidigung des a-Bauern gebunden, aber
andererseits ist auch nicht klar, wie Weiß weiterkommt.} Nf6 $6 {Schwarz
sollte den gegnerischen Springer nicht nach e5 lassen.} (24... R8a7 $5 {/\} 25.
Nd2 e5) 25. Ne5 {Jetzt droht der Springer, nach c4 zu gehen.} Nd5 26. Qd2 Ne7
27. R1a3 {Weiß beginnt, nach dem klassischen Prinzip der zwei Schwächen, nun
am Königsflügel anzugreifen. Er kann seinen Turm nach f3 oder g3 schwenken -
die schwarzen Türme können nichts Vergleichbares unternehmen.} (27. Nc4 Nc6)
27... Qd8 28. Rf3 f6 29. Nc4 Nc6 30. Nd6 $16 {Der starke Springer auf d6 ist
mehr als munangenehm für Schwarz, der nicht viel unternehmen kann.} Qd7 31. Rg3
Kh8 32. Qe2 R6a7 33. Kh2 Rb8 34. Re3 e5 35. dxe5 Nxe5 $2 (35... fxe5 $16 {
erscheint wie das kleinere Übel.}) 36. Rae4 Raa8 37. f4 Nc6 38. Qh5 {Es ist
immer ein schlechtes Zeichen, wenn die gegenerischen Figuren näher am König
stehen als die eigenen.} a4 {Der a-Bauer kommt zu spät.} 39. Rg3 Ra7 40. Nf5
Qf7 41. Qh4 Qf8 42. Re6 $18 Nd8 43. Nxg7 $1 Rxg7 44. Qxh6+ Kg8 45. Re8 Ne6 46.
Rxg7+ Nxg7 47. Rxf8+ Rxf8 48. Qg6 Rc8 49. Qxf6 {Eine starke Partie von Gyimesi,
der das Potential der weißen Stellung mustergültig zur Geltung brachte.} 1-0

[Event "Linares Anibal op 04th"]
[Site "Linares"]
[Date "1997.??.??"]
[Round "6"]
[White "Comas Fabrego, Luis"]
[Black "Korneev, Oleg"]
[Result "1/2-1/2"]
[WhiteElo "2465"]
[BlackElo "2590"]
[Annotator "Lutz,C"]
[PlyCount "89"]
[EventDate "1997.02.??"]
[EventType "swiss"]
[EventRounds "10"]
[EventCountry "ESP"]
[SourceTitle "CBM 058"]
[Source "ChessBase"]
[SourceDate "1997.06.01"]
[SourceVersion "1"]
[SourceVersionDate "1997.06.01"]
[SourceQuality "1"]

1. d4 d5 2. c4 e6 3. Nf3 Nf6 4. Nc3 c6 5. Bg5 dxc4 6. e4 b5 7. a4 b4 {7...Bb7
ist populärer.} (7... Bb7) 8. Nb1 Ba6 9. Qc1 c3 10. bxc3 Bxf1 11. Kxf1 Nbd7 12.
g3 (12. Nbd2 {1/2-1/2 Lerner,K-Sveshnikov,E/URS-FL Kujbyshev 1986 (36) Dolmatov
}) 12... c5 13. Kg2 Rc8 14. cxb4 cxb4 15. Qb2 h6 16. Bxf6 Nxf6 17. Nbd2 Be7 18.
Rhc1 O-O {Schwarz hat keine Probleme.} 19. Ne5 Qb6 20. f3 Qa6 21. Nb3 Rxc1 22.
Rxc1 Qxa4 23. Ra1 Qb5 24. Rxa7 Bd6 25. Ra5 Qb7 26. Nc4 Be7 27. Qa2 Rc8 28. Ra7
Qb5 29. Ne5 Bd6 30. Nxf7 Qd3 31. Nc5 Bxc5 32. Ne5 b3 33. Nxd3 bxa2 34. Nxc5 e5
35. Rxa2 exd4 36. Nd3 g5 37. Ra6 Rc2+ 38. Kh3 g4+ 39. fxg4 Nxe4 40. g5 hxg5 41.
Kg4 Rxh2 42. Kf3 Nd2+ 43. Kg4 Ne4 44. Kf3 Nd2+ 45. Kg4 1/2-1/2

[Event "Hoogovens"]
[Site "Wijk aan Zee"]
[Date "1997.01.22"]
[Round "4"]
[White "Nikolic, Predrag"]
[Black "Timman, Jan H"]
[Result "1-0"]
[WhiteElo "2655"]
[BlackElo "2630"]
[Annotator "Lutz,C"]
[PlyCount "59"]
[EventDate "1997.01.18"]
[EventType "tourn"]
[EventRounds "13"]
[EventCountry "NED"]
[EventCategory "16"]
[SourceTitle "CBM 057"]
[Source "ChessBase"]
[SourceDate "1997.04.01"]
[SourceVersion "1"]
[SourceVersionDate "1997.04.01"]
[SourceQuality "1"]

1. d4 {Gershon} d5 2. c4 c6 3. Nc3 Nf6 4. Nf3 e6 5. Bg5 dxc4 6. e4 b5 7. e5 h6
8. Bh4 g5 9. Nxg5 Nd5 {Since this variation was devised,it was known as not
good,even the first time Ragozin played it!The new theory is agree with old.
The only question is what Timman,player with so many original ideas,looked for
in variation in which he has so impresive games by white!} 10. Nxf7 Qxh4 11.
Nxh8 Bb4 12. Rc1 {Both of moves [Qd2 and Rc1] promises for white,but seems
that the second more clear but the first is better!} (12. Qd2 {Gershon,Nor} c5
13. O-O-O $5 (13. dxc5 $6 Nd7 14. g3 Qh5 15. Bg2 $6 Bb7 16. O-O O-O-O $44 17.
Qe2 $2 Qxe2 18. Nxe2 Rxh8 19. Nd4 Nxe5 20. Nxe6 Nd3 {Timman-Henley, Indonesia
1983 =/+ -/ 1995}) 13... Nc6 14. dxc5 Nxe5 15. f4 Bxc3 16. bxc3 Qxf4 17. Qxf4
Nxf4 18. g3 (18. Rd4 Nd5 19. Be2 $1 Kf8 20. Rf1+ Kg7 21. Re4 Nc6 22. Rg4+ Kxh8
23. Rf8+ Kh7 24. Bf3 $18) 18... Nfd3+ 19. Bxd3 Nxd3+ 20. Rxd3 cxd3 21. Re1 {
Brinck-Claussen-Mikhalchishin, Copenhagen 1979 +/= -/ 1995}) 12... c5 (12...
Qe4+ $8 {Gershon,Nor If black wants to play this variation Qe4 ,in my opinion,
is only move.The position after,let's say,22 moves looks not so bad!} 13. Be2
Nf4 14. a3 Nxg2+ 15. Kf1 (15. Kd2 $2 Qf4+ 16. Kc2 Qf5+ 17. Kd2 Be7) 15... Ne3+
16. fxe3 Qxh1+ 17. Kf2 Qxh2+ 18. Ke1 Bxc3+ (18... Be7 $2) (18... Be7 19. Kd2
$16 {Timman-Ljubojevic (Buenos Aires 1980)}) 19. bxc3 a5 20. Kd2 b4 21. axb4
axb4 22. cxb4 c3+ 23. Rxc3 Ra2+ 24. Rc2 Rxc2+ 25. Qxc2 Ba6 26. Qg6+ Kd8 27.
Nf7+ Kc7 28. Qh5 Qxe2+ 29. Qxe2 Bxe2 30. Kxe2 Na6 31. Nxh6 Nxb4 {+/= -/ 0}) 13.
dxc5 Bxc3+ $6 {Gershon: Interesting novelty, that promise more counterplay for
black. But why not Qg5 immediatlly! Gershon: Diese Neurung bewährt sich nicht.}
(13... Nd7 14. Be2 Nxe5 15. O-O Bxc3 (15... Bb7 16. Nxb5 Bxc5 17. Ng6 $1 Nxg6
18. Rxc4 Ndf4 19. Rxc5 Rd8 20. Nd6+ Rxd6 21. Bb5+ Kf7 22. Qxd6 $18 Qg4 23. Qc7+
Kg8 24. Qxb7 Nh3+ 25. Kh1 Nxf2+ 26. Rxf2 {1-0 Nielsen,P-Sveshnikov,E/Kemerovo1
1995}) 16. Rxc3 Nxc3 17. Bh5+ Kf8 18. Qd6+ Kg8 19. Qxe5 $16 {1-0 Nemet,
I-Karaklajic,N/Jugoslavija (ch) 1979 (37)} (19. Qxe5 {Gershon,Nor} Nd5 20. Bf7+
Kh7 21. Bxe6 {Nemet-Karaklajic, Yugoslavia 1979 +/- -/ 1995})) (13... Qg5 14.
Be2 Bb7 15. O-O (15. Bf3 $6 Nd7 16. O-O Bxc3 17. bxc3 Ke7 18. Be4 Rxh8 19. f4
Qg7 20. Qd4 Rc8 21. Rce1 Nxc5 22. f5 Nxe4 23. Qxe4 exf5 24. Rxf5 Ke8 25. Ref1
Nf4 26. Rf8+ Qxf8 {0-1 Van Wely,L-Borst,J/Antwerp op 1995}) (15. Bh5+ Kf8 16.
Qf3+ Kg7 17. O-O Kxh8 18. Qf8+ Qg8 (18... Kh7 19. Bf3 $1) 19. Qxh6+ $14 {Lanka}
) 15... Nxc3 16. Bh5+ Kf8 17. Qd6+ Kg8 18. Qxe6+ Kxh8 19. Qe8+ Qg8 20. Qxg8+
Kxg8 21. bxc3 Bxc5 $15 {Timoshchenko-Kozlov, Tashkent 1982} (21... Bxc5 22. Kh1
$13 {/\ f2-f4})) 14. bxc3 Qg5 15. Be2 Bb7 (15... Qxg2 $5 {Gershon,Nor} 16. Bh5+
Kf8 (16... Kd7 17. Bf3 Qg8 18. Ng6 Qxg6 19. Bxd5 exd5 20. Qxd5+ Kc7 21. Qd6+ $1
Qxd6 22. cxd6+ Kc6 23. Rg1 $14) 17. Ng6+ Kg7 18. Rf1 Bb7 19. Qc2 $14) 16. O-O
$16 {Maybe Timman though that this move is impossible because 16...N:c3 but
only now he saw that after 17.Bh5 he is loosing.} (16. Bh5+ $5 Kf8 (16... Kd7
17. O-O) 17. Nf7 Qxg2 18. Bf3 Qg7 19. Nd8 $1) 16... Nf4 (16... Nd7 17. Bh5+ Kf8
18. Ng6+ $18 {/\ f4}) (16... Ne3 17. Bh5+ Kf8 (17... Ke7 18. Qd6#) 18. fxe3+) (
16... Nxc3 17. Bh5+ Kf8 18. Qd6+ Kg8 (18... Kg7 19. Qc7+ $18 (19. Qc7+ {
Gershon,Nor} Kxh8 20. Qxb7 Qxh5 21. Rxc3 $18)) 19. Qxe6+ Kxh8 20. Qe8+ Qg8 (
20... Kh7 21. Qf7+) 21. Qxg8+ Kxg8 22. Rxc3 $18) (16... Qxe5 {Gershon,Nor} 17.
Bh5+ Kd7 18. Nf7 Qf6 19. Nd6 Bc6 20. Qd4 $18) 17. Bf3 Nc6 (17... Nxg2 18. Bxb7
(18. Bh5+ Kf8 19. Qd6+ (19. Nf7 {Gershon,Nor} Qe7 20. Qd2 $18) 19... Kg8 20.
Qxe6+ Kxh8 21. Qe8+ Qg8 22. Qxg8+ Kxg8 23. Rfd1 $16) 18... Ne3+ 19. Kh1 Nxd1
20. Rcxd1 $16) (17... Bd5 {Gershon,Nor} 18. g3 Nd7 19. Kh1 Qxe5 20. gxf4 Qxh8
21. Bxd5 exd5 22. Qxd5 $18) 18. h4 $1 $18 (18. Qd6 $2 {Gershon,Nor} Nxe5 (18...
Nh3+ $2 19. Kh1 Nxf2+ 20. Rxf2 Qxc1+ 21. Bd1 Ne7 22. Rf7 Bxg2+ 23. Kxg2 Qg5+
24. Kh1 $18) 19. Bxb7 Nh3+ 20. Kh1 Nxf2+ 21. Kg1 Nh3+ $11 (21... Nh3+ 22. Kh1
Nf2+ $11)) (18. g3 $6 {Gershon,Nor} Rd8 19. Qe1 Nd3 20. Qe3 Qxe3 21. fxe3 Nxc1
22. Rxc1 $14) (18. Nf7 $2 Kxf7 19. Qd7+ Qe7 20. Bxc6 Qxd7 21. Bxd7 Bxg2 $44)
18... Qxh4 (18... Qxe5 19. Nf7 $18) (18... Qg7 19. Bh5+ Kf8 (19... Nxh5 20.
Qxh5+ Kf8 (20... Kd7 21. Qf7+) 21. Ng6+) 20. Qf3 Nxe5 21. Qxf4+) 19. g3 Qg5 (
19... Qh3 20. gxf4) (19... Qe7 {Gershon,Nor} 20. gxf4 Qg7+ 21. Kh2 Rd8 (21...
Qxh8 22. Qd6 $18) 22. Bxc6+ Bxc6 23. Qh5+ Kf8 24. Ng6+ $18) 20. Nf7 $1 (20. Qd6
$5) 20... Kxf7 21. Qd7+ Ne7 (21... Qe7 {Gershon,Nor} 22. Qxe7+ (22. Bxc6 Qxd7
23. Bxd7 Ne2+ 24. Kh2 Nxc1 25. Rxc1 $16) 22... Kxe7 23. gxf4 Rg8+ (23... Rf8
$16) 24. Kh2 $18) 22. Qxb7 {It is very hard to advise in this position.Now
black tries to frighten white but he doesn't have something real.} Rg8 23. Rce1
h5 (23... Nd3 24. Re3 Nxe5 25. Bg2 $18) 24. Bg2 {/\ 25.Qf3} Nxg2 25. Kxg2 h4
26. Re3 Rg7 27. Rh1 Kg6 28. Qe4+ Nf5 29. Rxh4 Kf7 30. Rf3 1-0